[Event "Druzynowe Mistrzostwa Polski Juniorow - II liga"]
[Site "Sypniewo k. Jastrowia"]
[Date "2023-06-15"]
[Round "2.71"]
[White "Pietrzak, Emilia"]
[Black "Niedorys, Karolina"]
[Result "1-0"]
[WhiteTitle "I+"]
[BlackTitle "I+"]
[WhiteElo "1456"]
[BlackElo "1519"]

1. e4 2. c5 3. Nf3 4. Nc6 5. d4 6. cxd4 7. Nxd4 8. Nf6 9. Nc3 10. e5 11. Ndb5 12.
d6 13. Bg5 14. a6 15. Na3 16. b5 17. Nd5 18. Be7 19. Bxf6 20. Bxf6 21. c3 22.
O-O 23. Nc2 24. Be6 25. Nce3 26. Bg5 27. a4 28. Bxe3 29. Nxe3 30. b4 31. Bc4 32.
bxc3 33. bxc3 34. Qa5 35. O-O 36. Rad8 37. Qd3 38. Bxc4 39. Nxc4 40. Qc5 41. Ne3
42. Ne7 43. Qxa6 44. d5 45. exd5 46. Nxd5 47. Qc4 48. Qxc4 49. Nxc4 50. f6 51.
Ra3 52. Rc8 53. Rd1 54. Nf4 55. Nb6 56. Rxc3 57. Rxc3 58. Ne2+ 59. Kf1 60. Nxc3
61. Rc1 62. Rb8 63. a5 64. Nb5 65. Rc6 66. Rb7 67. a6 68. Ra7 69. Nc8 70. Ra8
71. Rc5 72. Na7 73. Ne7+ 74. Kf7 75. Nd5 76. Nc8 77. Nb4 78. Ke6 79. Rc7 80. Ne7
81. a7 82. Kd6 83. Rb7 84. f5 85. Ke2 86. g5 87. Kd3 88. e4+ 89. Kc4 90. h5 91.
Kb5 92. f4 93. Rb6+ 94. Kd7 95. Ka6 96. Nc8 97. Rb7+ 98. Kd6 99. Nc2 100. Kd5
101. Rd7+ 102. Kc4 103. Na3+ 104. Kc3 105. Nb5+ 106. Kc2 107. Kb7 108. Nxa7 109.
Na3+ 110. Kc3 111. Kxa8 112. e3 113. fxe3 114. fxe3 115. Kxa7 116. e2 117. Nb5+
118. Kc4 119. Re7 1-0

[Event "Druzynowe Mistrzostwa Polski Juniorow - II liga"]
[Site "Sypniewo k. Jastrowia"]
[Date "2023-06-16"]
[Round "3.1"]
[White "Zalega, Maciej"]
[Black "Jendrowiak, Maciej"]
[Result "1/2-1/2"]
[WhiteTitle "I++"]
[BlackTitle "I"]
[WhiteElo "2166"]
[BlackElo "1892"]

1. e4 2. d5 3. exd5 4. Qxd5 5. Nc3 6. Qd6 7. d4 8. Nf6 9. Bc4 10. Bg4 11. f3 12.
Bf5 13. Nge2 14. e6 15. a3 16. a6 17. Bf4 18. Qd8 19. g4 20. Bg6 21. Qd2 22. Nc6
23. O-O-O 24. Bd6 25. h4 26. h6 27. Ba2 28. Qd7 29. Bxd6 30. Qxd6 31. Nf4 32.
O-O-O 33. Bxe6+ 34. fxe6 35. Nxg6 36. Rhe8 37. Ne2 38. Qd5 39. Qc3 40. e5 41.
Nxe5 42. Qa2 43. Qb3 44. Qxb3 45. cxb3 46. Nxe5 47. dxe5 48. Rxd1+ 49. Rxd1 50.
Rxe5 51. Nd4 52. g6 53. b4 54. Nd5 55. Kd2 56. Nf4 57. Rh1 58. b6 59. Rh2 60.
h5 61. Ne2 62. Ne6 63. Ng3 64. Rd5+ 65. Ke3 66. a5 67. Ke4 68. c6 69. gxh5 70.
gxh5 71. Rc2 72. Kd7 73. bxa5 74. bxa5 75. b4 76. axb4 77. axb4 78. Rd4+ 79. Ke5
80. Rd5+ 81. Kf6 82. Nf4 83. Rc4 84. Ng2 85. Nf5 86. Rxf5+ 87. Kxf5 88. Ne3+ 89.
Kg5 90. Nxc4 91. Kxh5 92. Ke6 93. Kg5 94. Ne5 95. f4 96. Nf3+ 97. Kg4 98. Nh2+
99. Kg5 100. Nf3+ 101. Kg4 1/2-1/2

[Event "Druzynowe Mistrzostwa Polski Juniorow - II liga"]
[Site "Sypniewo k. Jastrowia"]
[Date "2023-06-16"]
[Round "3.2"]
[White "Wierzbicki, Dawid"]
[Black "Starosciak, Szymon"]
[Result "1/2-1/2"]
[WhiteTitle "I"]
[BlackTitle "I++"]
[WhiteElo "1762"]
[BlackElo "1928"]

1. c4 2. c6 3. Nc3 4. d5 5. cxd5 6. cxd5 7. e3 8. Nf6 9. Nf3 10. e6 11. a3 12.
Be7 13. Be2 14. O-O 15. b4 16. a5 17. b5 18. Nbd7 19. Bb2 20. Nb6 21. d3 22. Bd6
23. Na4 24. Nxa4 25. Qxa4 26. Re8 27. d4 28. Nd7 29. O-O 30. Nb6 31. Qc2 32. Bd7
33. Bd3 34. h6 35. a4 36. Qe7 37. Rfc1 38. Rec8 39. Qb3 40. Bb4 41. e4 42. Rxc1+
43. Rxc1 44. Rc8 45. e5 46. Rxc1+ 47. Bxc1 48. Qd8 49. Bd2 50. Bxd2 51. Nxd2 52.
Qc7 53. Qc2 54. Qxc2 55. Bxc2 56. Nc8 57. f4 58. h5 59. Kf2 60. g6 61. h3 62.
Kg7 63. Nb3 1/2-1/2

[Event "Druzynowe Mistrzostwa Polski Juniorow - II liga"]
[Site "Sypniewo k. Jastrowia"]
[Date "2023-06-16"]
[Round "3.3"]
[White "Ratajczak, Hubert"]
[Black "Oles, Mateusz"]
[Result "1-0"]
[WhiteTitle "I"]
[BlackTitle "II"]
[WhiteElo "1958"]
[BlackElo "1471"]

1. c4 2. e5 3. g3 4. c6 5. Nf3 6. e4 7. Nd4 8. d5 9. cxd5 10. cxd5 11. d3 12. exd3
13. Qxd3 14. Nf6 15. Bg2 16. Nc6 17. O-O 18. h6 19. Nc3 20. Be7 21. Bf4 22. O-O
23. Rfd1 24. Bb4 25. Ndb5 26. Bxc3 27. Nxc3 28. Be6 29. Qb5 30. Qe7 31. e4 32.
a6 33. Qb6 34. d4 35. Nd5 36. Qd7 37. Nxf6+ 38. gxf6 39. Bxh6 40. Rfd8 41. b3
42. Ne5 43. Rac1 44. Rac8 45. h3 46. d3 47. Rxc8 48. Qxc8 49. f4 50. Nd7 51. Qe3
52. Nc5 53. f5 54. Bxf5 55. exf5 56. Re8 57. Qf4 58. Kh7 59. Qh4 60. Qxf5 61.
Rf1 62. Qe6 63. Bg5+ 64. Kg8 65. Bxf6 66. Qe3+ 67. Kh2 1-0

[Event "Druzynowe Mistrzostwa Polski Juniorow - II liga"]
[Site "Sypniewo k. Jastrowia"]
[Date "2023-06-16"]
[Round "3.5"]
[White "Goraj, Barbara"]
[Black "Nieckarz, Maja"]
[Result "1-0"]
[WhiteTitle "WCM"]
[BlackTitle "I++"]
[WhiteElo "2176"]
[BlackElo "1514"]

1. Nf3 2. Nf6 3. c4 4. c5 5. Nc3 6. d6 7. g3 8. g6 9. Bg2 10. Nc6 11. O-O 12. Bg7
13. e3 14. O-O 15. a3 16. Be6 17. d3 18. h6 19. e4 20. Qd7 21. Nd5 22. Bg4 23.
Be3 24. Kh7 25. Qd2 Bxf3 26. Bxf3 27. Nxd5 28. exd5 29. Nd4 30. Bxd4 31. Bxd4
32. Kg2 33. Rab8 34. Rab1 35. b5 36. b4 37. bxc4 38. dxc4 39. Qa4 40. Qd3 41.
a6 42. h4 Kg7 43. Rfe1 44. Bf6 45. Bd1 46. Qd7 47. h5 48. g5 49. Bc2 50. Rh8 51.
bxc5 52. dxc5 53. Rxb8 54. Rxb8 55. Qh7+ 56. Kf8 57. Qxh6+ 58. Bg7 59. Qxg5 60.
Rb6 61. Ba4 62. Qd6 63. Qf5 64. Qc7 65. Bc6 66. Rb2 67. Re3 68. Rb8 69. g4 70.
f6 71. g5 72. Rd8 73. h6 74. Kf7 75. hxg7 76. Kxg7 77. gxf6+ 78. exf6 79. Rg3+
80. Kh8 81. Qxf6+ 82. Kh7 83. Qh4# 1-0

[Event "Druzynowe Mistrzostwa Polski Juniorow - II liga"]
[Site "Sypniewo k. Jastrowia"]
[Date "2023-06-16"]
[Round "3.7"]
[White "Halhoul, Adam"]
[Black "Kolodziejski, Piotr"]
[Result "0-1"]
[WhiteTitle "I"]
[BlackTitle "k"]
[WhiteElo "1759"]
[BlackElo "2049"]

1. d4 2. Nf6 3. c4 4. e6 5. Nf3 6. b6 7. a3 8. Be7 9. Nc3 10. Bb7 11. e3 12. d5
13. cxd5 14. exd5 15. Bb5+ 16. c6 17. Bd3 18. Nbd7 19. O-O 20. O-O 21. Qe2 22.
Re8 23. Rd1 24. c5 25. Bc2 26. Bf8 27. dxc5 28. bxc5 29. Bb3 30. Nb6 31. Na4 32.
Bc6 33. Qc2 34. Rc8 35. Nc3 36. Qe7 37. a4 38. d4 39. a5 40. c4 41. Ba2 42. d3
43. Qd2 44. Bxf3 45. gxf3 46. Nbd7 47. e4 48. Ne5 49. Qe3 50. Qd7 51. Kg2 52.
Bc5 53. Qg5 54. Bd4 55. Be3 56. Ng6 57. Kh1 58. Re5 59. Qg2 60. Rxa5 61. Rg1 62.
Rh5 63. Bxd4 64. Qxd4 65. f4 66. Rh4 67. f5 68. Ng4 69. h3 70. Nxf2+ 71. Kh2 72.
Qe5+ 73. Qg3 74. Rxh3+ 0-1

[Event "Druzynowe Mistrzostwa Polski Juniorow - II liga"]
[Site "Sypniewo k. Jastrowia"]
[Date "2023-06-16"]
[Round "3.8"]
[White "Kejna, Piotr"]
[Black "Bednarczyk, Mateusz"]
[Result "1-0"]
[WhiteTitle "CM"]
[BlackTitle "I"]
[WhiteElo "1991"]
[BlackElo "1681"]

1. e4 2. c5 3. b3 4. Nc6 5. Bb2 6. d6 7. Bb5 8. Bd7 9. f4 10. a6 11. Bxc6 12. Bxc6
13. Qe2 14. e6 15. Nf3 16. Nf6 17. Nc3 18. Be7 19. d4 20. b5 21. e5 22. dxe5 23.
Nxe5 24. Bd7 25. dxc5 26. Bxc5 27. O-O-O 28. Qe7 29. Ne4 30. Rd8 31. Nxd7 32.
Rxd7 33. Nxf6+ 34. gxf6 35. Qe4 36. Rxd1+ 37. Rxd1 38. O-O 39. Rd3 40. Ba3 41.
Rh3 42. Bxb2+ 43. Kxb2 44. f5 45. Qd4 46. f6 47. Qb6 48. e5 49. Qxa6 50. exf4
51. Qxb5 52. Qe5+ 53. Qxe5 54. fxe5 55. Rf3 56. Rd8 57. Rd3 58. Re8 59. a4 60.
e4 61. Rd2 62. Kf7 63. a5 64. Ke6 65. b4 66. e3 67. Rd1 68. Rg8 69. a6 70. Rxg2
71. a7 72. Rg8 73. b5 74. f3 75. b6 76. f2 77. b7 78. e2 79. Rd6+ 80. Kxd6 81.
b8=Q+ 82. Kd7 83. Qb5+ 84. Kc7 85. Qxe2 1-0

[Event "Druzynowe Mistrzostwa Polski Juniorow - II liga"]
[Site "Sypniewo k. Jastrowia"]
[Date "2023-06-16"]
[Round "3.9"]
[White "Sakharchuk, Aliaksandr"]
[Black "Komendecki, Antoni"]
[Result "1/2-1/2"]
[WhiteTitle "II+"]
[BlackTitle "I++"]
[WhiteElo "1509"]
[BlackElo "1965"]

1. g4 2. d5 3. Bg2 4. c6 5. h3 6. e5 7. d4 8. e4 9. c4 10. Bd6 11. Nc3 12. Ne7
13. e3 14. Bc7 15. Nge2 16. b6 17. Nf4 18. Bxf4 19. exf4 20. f5 21. f3 22. O-O
23. fxe4 24. fxe4 25. O-O 26. Ba6 27. b3 28. Nd7 29. Rf2 30. dxc4 31. Nxe4 32.
Nf6 33. Nxf6+ 34. Rxf6 35. f5 36. Qd7 37. Bf4 38. Rd8 39. Be5 40. Rf7 41. Qc2
42. Nd5 43. bxc4 44. Ne3 45. Qc3 46. Nxc4 47. Bf1 48. Qd5 49. Rc1 50. b5 51. Bxc4
52. bxc4 53. Qa3 54. Bb7 55. Qf3 56. Qxf3 57. Rxf3 58. c5 59. Rf4 60. cxd4 1/2-1/2

[Event "Druzynowe Mistrzostwa Polski Juniorow - II liga"]
[Site "Sypniewo k. Jastrowia"]
[Date "2023-06-16"]
[Round "3.10"]
[White "Kawulski-chodkiewicz, Alexander"]
[Black "Nagly, Krzysztof"]
[Result "0-1"]
[WhiteTitle "I"]
[BlackTitle "II"]
[WhiteElo "1697"]
[BlackElo "1459"]

1. e4 2. c5 3. Nf3 4. Nc6 5. d4 6. cxd4 7. Nxd4 8. g6 9. Nc3 10. Bg7 11. Be3 12.
Nf6 13. Bc4 14. Qa5 15. O-O 16. Qb4 17. Bb3 18. Nxe4 19. Nxe4 20. Nxd4 21. c3
22. Ne2+ 23. Qxe2 24. Qxe4 25. f3 26. Qc6 27. Rad1 28. e6 29. c4 30. O-O 31. c5
32. Be5 33. f4 34. Bc7 35. Rd4 36. b6 37. Ba4 38. Qb7 39. Rb4 40. Qa6 41. Bb5
42. Qb7 43. Qc4 44. a6 45. c6 46. Qb8 47. cxd7 48. axb5 49. dxc8=Q 50. Rxc8 51.
Rxb5 52. Qa7 53. a3 54. Bd6 55. Qe4 56. Bc5 57. Rd1 58. Bxe3+ 59. Qxe3 60. Qa4
61. Qb3 62. Qxf4 63. Rxb6 64. Rc1 65. Rd6 66. Rac8 67. Rxc1 68. Rxc1+ 69. Rd1
70. Qd4+ 0-1

[Event "Druzynowe Mistrzostwa Polski Juniorow - II liga"]
[Site "Sypniewo k. Jastrowia"]
[Date "2023-06-16"]
[Round "3.11"]
[White "Nagly, Malgorzata"]
[Black "Romejko, Jagoda"]
[Result "0-1"]
[WhiteTitle "II"]
[BlackTitle "I"]
[WhiteElo "1021"]
[BlackElo "1525"]

1. d4 2. d5 3. c4 4. dxc4 5. e3 6. e6 7. Bxc4 8. c5 9. Nf3 10. a6 11. O-O 12. Nf6
13. Be2 14. Nc6 15. dxc5 16. Qxd1 17. Rxd1 18. Bxc5 19. b3 20. b5 21. Bb2 22.
Bb7 23. Nbd2 24. Rd8 25. a4 26. b4 27. Nc4 28. Ke7 29. Nfe5 30. Nxe5 31. Bxe5
32. Rxd1+ 33. Rxd1 34. Bd5 35. Rc1 36. Nd7 37. Bb2 38. f6 39. Na5 40. Bb6 41.
Nc6+ 42. Kd6 43. Nd4 44. Bxd4 45. Bxd4 46. e5 47. Bb2 48. Bxb3 49. Bxa6 50. Bxa4
51. Kf1 52. Nc5 53. Bc4 54. Rb8 55. Ke2 56. Nb3 57. Rd1+ 58. Kc6 59. Rd5 60. Nc5
61. f3 62. Bb5 63. Bxb5+ 64. Kxb5 65. e4 66. Kc4 67. Kd2 68. b3 69. h3 70. Ra8
71. Kc1 72. Nd3+ 73. Kb1 74. Nxb2 75. Kxb2 76. Ra2+ 77. Kb1 78. Rxg2 79. Rd7 80.
Kc3 81. Rc7+ 82. Kd4 83. Rd7+ 84. Ke3 85. Rb7 86. Kxf3 87. Rxb3+ 88. Kxe4 89.
Kc1 90. Kf4 91. Kd1 92. e4 93. Rb4 94. Kf3 95. Rb3+ 96. e3 97. Ke1 98. Rg1# 0-1

[Event "Druzynowe Mistrzostwa Polski Juniorow - II liga"]
[Site "Sypniewo k. Jastrowia"]
[Date "2023-06-16"]
[Round "3.12"]
[White "Miklosz, Malgorzata"]
[Black "Popczynska, Michalina"]
[Result "1-0"]
[WhiteTitle "I"]
[BlackTitle "I"]
[WhiteElo "1299"]
[BlackElo "1457"]

1. e4 2. c5 3. Nf3 4. Nc6 5. d4 6. cxd4 7. Nxd4 8. g6 9. c4 10. Bg7 11. Nc2 12.
Nf6 13. Nc3 14. O-O 15. Be2 16. d6 17. O-O 18. Be6 19. f4 20. Rc8 21. Bd2 22.
a6 23. Rc1 24. Ne8 25. f5 26. Bd7 27. Ne3 28. Bd4 29. Kh1 30. Nc7 31. Ng4 32.
Kh8 33. Qe1 34. Bg7 35. Qh4 36. Ne5 37. Bh6 38. Nxg4 39. Bxg4 40. Bxh6 41. Qxh6
42. Rg8 43. Rf3 44. Qf8 45. Qe3 46. g5 47. Qb6 48. Bc6 49. f6 50. e6 51. Rh3 52.
Ne8 53. Rf1 54. Rg6 55. Qd4 56. Rh6 57. Rff3 58. Rxh3 59. Rxh3 60. Rd8 61. Rh5
62. e5 63. Qf2 64. h6 65. Qf5 66. Kg8 67. Nd5 68. Bxd5 69. exd5 70. b5 71. h4
72. gxh4 73. Rxh4 74. bxc4 75. Bd1 76. Rb8 77. Rg4+ 78. Ng7 79. Bc2 80. Qc8 81.
Qh7+ 82. Kf8 83. Qh8# 1-0

[Event "Druzynowe Mistrzostwa Polski Juniorow - II liga"]
[Site "Sypniewo k. Jastrowia"]
[Date "2023-06-16"]
[Round "3.13"]
[White "Rychlik, Michal"]
[Black "Kulig, Pawel"]
[Result "0-1"]
[WhiteTitle "I"]
[BlackTitle "I"]
[WhiteElo "1839"]
[BlackElo "1969"]

1. d4 2. Nf6 3. Nf3 4. g6 5. g3 6. d5 7. c4 8. c6 9. cxd5 10. cxd5 11. Bg2 12.
Bg7 13. O-O 14. O-O 15. Nc3 16. Ne4 17. Ne5 18. Bf5 19. Qb3 20. Nc6 21. Nxc6 22.
bxc6 23. Nxe4 24. dxe4 25. Be3 26. Rb8 27. Qc4 28. Qd5 29. Rfc1 30. Rxb2 31. Qxc6
32. Qxc6 33. Rxc6 34. Rd8 35. Rc7 36. Bxd4 37. Rd1 38. e5 39. Bf1 40. Rxa2 41.
Rc4 42. Be6 43. Rc7 44. a5 45. Bg5 46. Bxf2+ 0-1

[Event "Druzynowe Mistrzostwa Polski Juniorow - II liga"]
[Site "Sypniewo k. Jastrowia"]
[Date "2023-06-16"]
[Round "3.14"]
[White "Ochalik, Filip"]
[Black "Haluja, Wiktor"]
[Result "0-1"]
[WhiteTitle "I"]
[BlackTitle "II+"]
[WhiteElo "1697"]
[BlackElo "1573"]

1. d4 2. Nf6 3. c4 4. e6 5. Nc3 6. Bb4 7. f3 8. d5 9. a3 10. Bxc3+ 11. bxc3 12.
b6 13. cxd5 14. exd5 15. e3 16. O-O 17. Bd3 18. c5 19. Ne2 20. Ba6 21. O-O 22.
Qe7 23. Ng3 24. Bxd3 25. Qxd3 26. Nc6 27. Bb2 28. Rae8 29. Rae1 30. Qc7 31. e4
32. cxd4 33. cxd4 34. Ne7 35. e5 36. Nd7 37. Rc1 38. Qb7 39. f4 40. f5 41. a4
42. Nb8 43. Ba3 44. Nbc6 45. Nh5 46. Nd8 47. Qg3 48. Ne6 49. Rfd1 50. Kh8 51.
Qf3 52. Rf7 53. g4 54. fxg4 55. Qxg4 56. Nf5 57. Nf6 58. Ne3 59. Nxe8 60. Nxg4
61. Nd6 62. Qa6 63. Nxf7+ 64. Kg8 65. Nd6 66. Qe2 67. Rd2 68. Qe3+ 69. Kh1 70.
Qxa3 71. Rc8+ 72. Nf8 73. Kg2 74. h5 75. h3 76. Nh6 77. Kh2 78. Qe3 79. Rg2 80.
Qxf4+ 81. Kh1 82. Kh7 83. Rc7 84. Ne6 85. Re7 86. Ng5 87. Ne8 88. Qf1+ 89. Kh2
90. Nf3+ 91. Kg3 92. Nf5+ 0-1

[Event "Druzynowe Mistrzostwa Polski Juniorow - II liga"]
[Site "Sypniewo k. Jastrowia"]
[Date "2023-06-16"]
[Round "3.15"]
[White "Majcher, Igor"]
[Black "Futyma, Dawid"]
[Result "1-0"]
[WhiteTitle "I"]
[BlackTitle "I"]
[WhiteElo "1732"]
[BlackElo "1685"]

1. e4 2. e6 3. d4 4. d5 5. Nc3 6. Nf6 7. Bg5 8. dxe4 9. Nxe4 10. Be7 11. Nxf6+
12. gxf6 13. Be3 14. a6 15. Be2 16. Qd6 17. Qd2 18. Nd7 19. Nf3 20. b5 21. c4
22. bxc4 23. Bxc4 24. Bb7 25. Be2 Nb6 26. Bf4 27. Qd7 28. O-O 29. Rg8 30. Rac1
31. Rc8 32. Bg3 33. Bd6 34. Qh6 35. Bxg3 36. hxg3 37. Ke7 38. Qh4 39. Qd5 40.
b3 41. Nd7 42. Rfe1 43. h5 44. Bc4 45. Qf5 46. Ne5 47. Qg5 48. Qxg5 49. Rxg5 50.
Nxf7 51. Rd5 52. Nh6 53. Kd6 54. Nf7+ 55. Ke7 56. Nh6 57. Kd6 58. Bxd5 59. Kxd5
60. g4 61. Rh8 62. g5 63. Bc6 64. Rc3 65. Rh7 66. Rec1 67. Nb8 68. Ng8 69. Rg7
70. Nxf6+ 71. Kd6 72. Rxc6+ 1-0

[Event "Druzynowe Mistrzostwa Polski Juniorow - II liga"]
[Site "Sypniewo k. Jastrowia"]
[Date "2023-06-16"]
[Round "3.16"]
[White "Krzyzek, Daniel"]
[Black "Bilochenko, Matvii"]
[Result "0-1"]
[WhiteTitle "II"]
[BlackTitle "II+"]
[WhiteElo "1244"]
[BlackElo "1438"]

1. d4 2. Nf6 3. c4 4. g6 5. Nc3 6. Bg7 7. e4 8. d6 9. Nf3 10. O-O 11. Be2 12. e5
13. d5 14. a5 15. O-O 16. Na6 17. h3 18. Nc5 19. Bd3 20. h6 21. Be3 22. Nfd7 23.
Ne1 24. f5 25. f3 26. f4 27. Bf2 28. g5 29. a3 30. Rf7 31. b4 32. Na6 33. Nc2
34. Bf8 35. Na4 36. h5 37. c5 38. Rg7 39. Bxa6 40. bxa6 41. c6 42. Nf6 43. bxa5
44. Rb8 45. Nb4 46. Nh7 47. Kh1 48. g4 49. Rg1 50. g3 51. Qf1 52. gxf2 53. Qxf2
54. Rg3 55. Qf1 56. Qh4 57. Ra2 58. Kh8 59. Nc3 60. Bxh3 61. gxh3 62. Rxh3+ 63.
Qxh3 64. Qxh3+ 65. Rh2 66. Qxf3+ 67. Rhg2 68. Be7 69. Nxa6 70. Rb2 71. Kh2 72.
Qg3+ 73. Kh1 74. Qh3+ 75. Rh2 76. Qxh2# 0-1

[Event "Druzynowe Mistrzostwa Polski Juniorow - II liga"]
[Site "Sypniewo k. Jastrowia"]
[Date "2023-06-16"]
[Round "3.17"]
[White "Lopusiewicz, Marta"]
[Black "Siwak, Aleksandra"]
[Result "1-0"]
[WhiteTitle "II+"]
[BlackTitle "II"]
[WhiteElo "1153"]
[BlackElo "1172"]

1. d4 2. Nf6 3. c4 4. g6 5. Nc3 6. Bg7 7. e4 8. d6 9. Be2 10. O-O 11. Bg5 12. e5
13. dxe5 14. dxe5 15. Qxd8 16. Rxd8 17. Nd5 18. Nbd7 19. Nxc7 20. Rb8 21. O-O-O
22. h6 23. Bxf6 24. Bxf6 25. Nd5 26. Bg7 27. Bg4 28. Kf8 29. Ne2 30. Nc5 31. Bf3
32. Be6 33. Nec3 34. a6 35. Be2 36. Bxd5 37. Rxd5 38. Rxd5 39. cxd5 40. Rc8 41.
Kb1 42. b5 43. b4 44. Nd7 45. Rc1 46. f5 47. f3 48. h5 49. a4 50. Bh6 51. Rc2
52. bxa4 53. Bxa6 54. Ra8 55. Bb5 56. Nb6 57. Ra2 58. a3 59. Kc2 60. Ke7 61. Kb3
62. Bc1 63. Nb1 64. Rb8 65. Bc6 66. Nd7 67. Bxd7 68. Kxd7 69. Nxa3 70. fxe4 71.
fxe4 72. Rf8 73. Re2 74. Rf1 75. Nc4 76. Bf4 77. g3 78. Rf3+ 79. Ka4 80. Bc1 81.
Nxe5+ 1-0

[Event "Druzynowe Mistrzostwa Polski Juniorow - II liga"]
[Site "Sypniewo k. Jastrowia"]
[Date "2023-06-16"]
[Round "3.18"]
[White "Pawlikowska, Ewa"]
[Black "Michalska, Lena"]
[Result "0-1"]
[WhiteTitle "I"]
[BlackTitle "I"]
[WhiteElo "1325"]
[BlackElo "1461"]

1. e4 2. g6 3. d4 4. Bg7 5. Nc3 6. c6 7. Nf3 8. d6 9. h3 10. b5 11. Bd3 12. a6
13. O-O 14. e6 15. Re1 16. Ne7 17. Bf4 18. O-O 19. Qd2 20. Bb7 21. Ne2 22. d5
23. Rad1 24. c5 25. exd5 26. c4 27. dxe6 28. cxd3 29. exf7+ 30. Rxf7 31. Qxd3
32. Bxf3 33. Qxf3 34. Ra7 35. Qe4 36. Rd7 37. Bxb8 38. Qxb8 39. b3 40. Qc8 41.
Qd3 42. Nf5 43. c3 44. Rf8 45. Nf4 46. Nxd4 47. Ne6 48. Nf3+ 49. Qxf3 50. Rxf3
51. Rxd7 52. Qxd7 53. gxf3 54. Bxc3 55. Re3 56. Bd2 57. Re4 58. Kf7 59. Nf4 60.
Qf5 61. Ng2 62. Qxf3 63. Rd4 64. Qc6 65. Kh2 66. Bg5 67. h4 68. Bf6 69. Rd2 70.
Be7 71. Kh3 72. Qc3+ 73. Rd3 74. Qxd3+ 75. Kh2 76. Qf3 77. Kh1 78. Bc5 79. Kg1
80. Qxf2+ 81. Kh2 82. Bd6+ 83. Kh3 84. Qg3# 0-1

[Event "Druzynowe Mistrzostwa Polski Juniorow - II liga"]
[Site "Sypniewo k. Jastrowia"]
[Date "2023-06-16"]
[Round "3.19"]
[White "Stepinski, Piotr"]
[Black "Skrzypinski, Jan"]
[Result "0-1"]
[WhiteTitle "I"]
[BlackTitle "I"]
[WhiteElo "1845"]
[BlackElo "1862"]

1. e4 2. d6 3. d4 4. Nf6 5. Nc3 6. g6 7. h3 8. Bg7 9. Nf3 10. O-O 11. Be3 12. b6
13. Bd3 14. Bb7 15. Qd2 16. c5 17. Bh6 18. Nc6 19. Bxg7 20. Kxg7 21. d5 22. Ne5
23. Nxe5 24. dxe5 25. f3 26. a6 27. Ne2 28. b5 29. c4 30. Ne8 31. h4 32. f6 33.
f4 34. bxc4 35. Bxc4 36. Nd6 37. Qd3 38. Qa5+ 39. Nc3 40. Qb4 41. b3 42. Nxe4
43. Rc1 44. Nxc3 45. Qxc3 46. exf4 47. O-O 48. Qxc3 49. Rxc3 50. Rfd8 51. Rd3
52. g5 53. Re1 54. Rd7 55. hxg5 56. fxg5 57. g3 58. Rf8 59. Re6 60. Rf6 61. Re5
62. h6 63. gxf4 64. Rxf4 65. Rde3 66. Kf8 67. a4 68. Rf6 69. a5 70. Ke8 71. Kh2
72. Kd8 73. Kg3 74. Bc8 75. Re2 76. Rg6 77. Bd3 78. Rg7 79. Rf2 80. Kc7 81. Bf5
82. Rd6 83. Bxc8 84. Kxc8 85. Kg4 86. h5+ 87. Kh3 88. g4+ 89. Kh4 90. g3 91. Rg2
92. Rdg6 93. Kxh5 94. Kd7 95. Rf5 96. Kd6 97. Rf8 98. Kxd5 99. Rd8+ 100. Ke4 101.
Rdd2 102. e5 103. Rc2 104. Kf5 0-1

[Event "Druzynowe Mistrzostwa Polski Juniorow - II liga"]
[Site "Sypniewo k. Jastrowia"]
[Date "2023-06-16"]
[Round "3.20"]
[White "Kaczmarek, Jan"]
[Black "Haladaj, Adam"]
[Result "0-1"]
[WhiteTitle "II+"]
[BlackTitle "I"]
[WhiteElo "1574"]
[BlackElo "1620"]

1. e4 2. c5 3. Nf3 4. Nc6 5. Bb5 6. g6 7. O-O 8. Bg7 9. c3 10. e5 11. d4 12. cxd4
13. cxd4 14. exd4 15. Bf4 16. a6 17. Ba4 18. Nge7 19. Bd6 20. b5 21. Bb3 22. Bb7
23. a4 24. Nc8 25. Bf4 26. O-O 27. axb5 28. axb5 29. Na3 30. Qb6 31. Qd3 32. Ba6
33. Rfc1 34. b4 35. Nc4 36. Bxc4 37. Bxc4 38. Rxa1 39. Rxa1 40. Na5 41. Bb5 42.
Nb3 43. Qxb3 44. Qxb5 45. Ra4 46. Qb7 47. Ng5 48. h6 49. Rxb4 50. Qa6 51. Ra4
52. Qe2 53. Nf3 54. g5 0-1

[Event "Druzynowe Mistrzostwa Polski Juniorow - II liga"]
[Site "Sypniewo k. Jastrowia"]
[Date "2023-06-16"]
[Round "3.21"]
[White "Gawlik, Olivier"]
[Black "Stachowiak, Bruno"]
[Result "0-1"]
[WhiteTitle "II+"]
[BlackTitle "II"]
[WhiteElo "1530"]
[BlackElo "1591"]

1. e4 2. d6 3. d4 4. Nf6 5. Nc3 6. g6 7. h3 8. Bg7 9. Nf3 10. O-O 11. Be3 12. c6
13. a4 14. Qa5 15. Bd3 16. Nbd7 17. Qd2 18. e5 19. dxe5 20. Nxe5 21. Nxe5 22.
dxe5 23. g4 24. Be6 25. Bh6 26. Rad8 27. Bxg7 28. Kxg7 29. Qc1 30. Rd4 31. f3
32. Rfd8 33. h4 34. h5 35. gxh5 36. Nxh5 37. Qg5 38. f6 39. Qe3 40. Nf4 41. O-O-O
42. Rxa4 43. Nxa4 44. Qxa4 45. Qc5 46. Rd7 47. Kd2 48. b6 49. Qc3 50. c5 51. Ke3
52. Rd4 53. Kf2 54. Qd7 55. b3 56. Bxb3 57. cxb3 58. Nxd3+ 59. Ke3 60. Nf2 61.
Kxf2 62. Rxd1 63. Rxd1 64. Qxd1 65. Kg2 66. Qd4 67. Qc2 68. b5 69. Qa2 70. Qd7
71. Qa5 72. c4 73. bxc4 74. bxc4 75. Qc5 76. Qf7 77. Kg3 78. Kh6 79. Qe3+ 80.
Kg7 81. Qc5 82. a6 83. Kg2 84. Kh6 85. Kg3 86. Qe6 87. Qf8+ 88. Kh7 89. Qc5 90.
Kg7 91. Qc7+ 92. Kf8 93. Qd8+ 94. Kf7 95. Qc7+ 96. Ke8 97. Qb8+ 98. Kf7 99. Qc7+
100. Kg8 101. Qd8+ 102. Kg7 103. Qc7+ 104. Qf7 105. Qc5 106. Qd7 107. Qxc4 108.
a5 109. Qc3 110. Qa7 111. Qa3 112. a4 113. f4 114. Qg1+ 115. Kh3 116. Qh1+ 117.
Kg3 118. exf4+ 0-1

[Event "Druzynowe Mistrzostwa Polski Juniorow - II liga"]
[Site "Sypniewo k. Jastrowia"]
[Date "2023-06-16"]
[Round "3.22"]
[White "Jasinski, Bartlomiej"]
[Black "Szymczyk, Jan"]
[Result "0-1"]
[WhiteTitle "III"]
[BlackTitle "II"]
[WhiteElo "1178"]
[BlackElo "1304"]

1. d4 2. Nf6 3. Bf4 4. d5 5. Nf3 6. c5 7. c3 8. Nc6 9. e3 10. Qb6 11. Qc1 12. g6
13. Be2 14. Bg7 15. Nbd2 16. c4 17. h3 18. O-O 19. O-O 20. Bf5 21. Bd1 22. Bd3
23. Re1 24. Ne4 25. Bc2 26. Na5 27. Qb1 f5 28. Bxd3 29. cxd3 30. b4 31. Nc4 32.
Qxd3 33. Rac8 34. Nxc4 35. Rxc4 36. Rec1 37. Rfc8 38. a3 39. Rxc3 40. Rxc3 41.
Rxc3 42. Qe2 43. Qc6 44. Ng5 45. Rc2 46. Qe1 47. Nxf2 48. Bg3 49. Ne4 50. Nxe4
51. dxe4 52. Bf4 53. Qc4 54. Kh1 55. Qc3 56. Qxc3 57. Rxc3 58. Kg1 59. Bf6 60.
Kf2 61. g5 62. Bb8 63. a6 64. g3 Rc2+ 65. Kf1 66. Rh2 67. Ba7 68. Rh1+ 0-1